| 000 | 00460nam a2200145 a 4500 | ||
|---|---|---|---|
| 001 | 000039022 | ||
| 005 | 20201002031449.0 | ||
| 008 | 130513s1997 dr a 000 0 spa d | ||
| 040 |
_aDO-SdBNP _bspa _cBNPHU |
||
| 245 | 0 | 0 | _aJanet Quevedo. |
| 260 |
_aRomana, República Dominicana : _bFundación Centro Cultural Altos de Chavón, _c1997. |
||
| 300 |
_a8 p. ; _c31 cm. |
||
| 490 | 1 | _aOrinca de bailongos caribeños | |
| 830 | 0 | 0 |
_aOrinca de bailongos caribeños _965267 |
| 999 |
_c38512 _d38512 |
||